书目信息 |
| 题名: |
边赏异域风情边学英文
|
|
| 作者: | 蒋学晨 , 成应翠 主编 | |
| 分册: | ||
| 出版信息: | 北京 中国水利水电出版社 2010 |
|
| 页数: | 288页 | |
| 开本: | 24cm | |
| 丛书名: | ||
| 单 册: | ||
| 中图分类: | H319.9 , K919 | |
| 科图分类: | ||
| 主题词: | 英语--口语 , 导游--世界 , 英语 , 口语 , 导游 | |
| 电子资源: | ||
| ISBN: | 978-7-5084-7076-4 | |
| 000 | 01088nam0 2200313 45 | |
| 001 | 1133563641 | |
| 005 | 20110413171128.32 | |
| 010 | @a978-7-5084-7076-4@dCNY32.80 | |
| 100 | @a20110406d2010 em y0chiy0120 ea | |
| 101 | 0 | @achi@aeng |
| 102 | @aCN@b110000 | |
| 105 | @aa z 000yy | |
| 106 | @ar | |
| 200 | 1 | @a边赏异域风情边学英文@ABian Shang Yi Yu Feng Qing Bian Xue Ying Wen@dEnglish lessons from places of wonder@f蒋学晨,成应翠主编@FJiang Xue Chen, Cheng Ying Cui Zhu Bian@zeng |
| 210 | @a北京@c中国水利水电出版社@d2010 | |
| 215 | @a288页@c图@d24cm | |
| 330 | @a本书极具灵气的文字将引领你行走在48处如诗如画的异域风情中。48篇文章均由风情揭秘、文化揭秘、文化链接、实景会话、妙用佳句等栏目组成。 | |
| 510 | 1 | @aEnglish lessons from places of wonder@zeng |
| 606 | 0 | @a英语@x口语 |
| 606 | 0 | @a导游@y世界 |
| 606 | 0 | @a英语 |
| 606 | 0 | @a口语 |
| 606 | 0 | @a导游 |
| 690 | @aH319.9@v4 | |
| 690 | @aK919@v4 | |
| 701 | 0 | @a蒋学晨@AJiang Xue Chen@4主编 |
| 701 | 0 | @a成应翠@ACheng Ying Cui@4主编 |
| 801 | 0 | @aCN@bTANGWEI@c20110413 |
| 905 | @b0534664-68@dH319.9@e624@f5 | |
| 边赏异域风情边学英文=English lessons from places of wonder/蒋学晨,成应翠主编.-北京:中国水利水电出版社,2010 |
| 288页:图;24cm |
| ISBN 978-7-5084-7076-4:CNY32.80 |
| 本书极具灵气的文字将引领你行走在48处如诗如画的异域风情中。48篇文章均由风情揭秘、文化揭秘、文化链接、实景会话、妙用佳句等栏目组成。 |
| ● |
| 相关链接 |
|
|
|
|
正题名:边赏异域风情边学英文
索取号:H319.9/624
 
预约/预借
| 序号 | 登录号 | 条形码 | 馆藏地/架位号 | 状态 | 备注 |
| 1 | 0534664 | 205346641 | 第二样本阅览室/ [索取号:H319.9/624] | 在馆 | |
| 2 | 0534665 | 205346650 | 第四借阅区/ [索取号:H319.9/624] | 在馆 | |
| 3 | 0534666 | 205346669 | 第四借阅区/ [索取号:H319.9/624] | 在馆 | |
| 4 | 0534667 | 205346678 | 第四借阅区/ [索取号:H319.9/624] | 在馆 | |
| 5 | 0534668 | 205346687 | 第四借阅区/ [索取号:H319.9/624] | 在馆 |